[Event "POL-ch Universities"]
[Site "Lublin"]
[Date "2024.02.24"]
[Round "8"]
[White "Musial, Tomasz"]
[Black "Pacan Milej, Kosma"]
[Result "1-0"]
[WhiteElo "2171"]
[BlackElo "2438"]
[PlyCount "119"]
[EventDate "2024.02.23"]
[EventType "swiss"]
[EventRounds "9"]
[EventCountry "POL"]
[SourceTitle "CB10_2024"]
[SourceDate "2024.03.06"]
[SourceVersion "1"]
[SourceVersionDate "2024.03.06"]
[SourceQuality "1"]

1. e4 c6 2. Nf3 d5 3. Nc3 Bg4 4. h3 Bxf3 5. Qxf3 e6 6. Be2 Nd7 7. d4 Bb4 8. 0-0 Bxc3 9. bxc3 dxe4 10. Qxe4 Ngf6 11. Qf3 0-0 12. Rb1 Nb6 13. Ba3 Re8 14. c4 Qxd4 15. c5 Nbd7 16. Rfd1 Qa4 17. Rxb7 Ne5 18. Qb3 Qe4 19. Bf1 Ng6 20. Bb2 Nd5 21. c4 Ndf4 22. Rdd7 Rf8 23. Rxf7 Rxf7 24. Rxf7 Kxf7 25. Qb7+ Ne7 26. Qxa8 Qb1 27. Bxg7 Kxg7 28. Qe8 Neg6 29. Qd7+ Kh6 30. Qd2 Kg7 31. Qd7+ Kf6 32. Qd4+ Kf7 33. Qd7+ Ne7 34. Qd2 Qf5 35. Qe3 e5 36. g3 Ne6 37. Be2 Qg5 38. Qf3+ Kg7 39. Bd3 Nd4 40. Qe4 Ng6 41. h4 Qc1+ 42. Kg2 Qh6 43. f4 Qh5 44. fxe5 Qxe5 45. Qg4 Ne6 46. h5 Qxh5 47. Qxh5 Nef4+ 48. gxf4 Nxf4+ 49. Kf3 Nxh5 50. Be4 Nf6 51. Bxc6 Kf7 52. Bb7 Ke6 53. Kf4 h6 54. Bf3 Nd7 55. Bg4+ Ke7 56. c6 Nb6 57. c7 Kd6 58. c8Q Nxc8 59. Bxc8 Kc5 60. Be6 1-0

[Event "POL-ch Universities"]
[Site "Lublin"]
[Date "2024.02.23"]
[Round "4"]
[White "Musial, Tomasz"]
[Black "Pultorak, Jan"]
[Result "1/2-1/2"]
[WhiteElo "2171"]
[BlackElo "2303"]
[PlyCount "130"]
[EventDate "2024.02.23"]
[EventType "swiss"]
[EventRounds "9"]
[EventCountry "POL"]
[SourceTitle "CB10_2024"]
[SourceDate "2024.03.06"]
[SourceVersion "1"]
[SourceVersionDate "2024.03.06"]
[SourceQuality "1"]

1. e4 d5 2. exd5 Qxd5 3. Nc3 Qd6 4. d4 c6 5. Nf3 Nf6 6. g3 Bg4 7. Bg2 e6 8. 0-0 Qc7 9. Bf4 Bd6 10. Bxd6 Qxd6 11. Qd2 Nbd7 12. Ne2 0-0 13. Qf4 Qxf4 14. Nxf4 Nd5 15. Nd3 Bf5 16. Rad1 h6 17. c3 a5 18. Nfe5 Nxe5 19. Nxe5 Rfd8 20. Rd2 a4 21. Rc1 Nb6 22. Nf3 Nc4 23. Re2 Bd3 24. Ree1 Nxb2 25. Ne5 Bh7 26. Bf1 a3 27. Re3 Kf8 28. Rce1 Rac8 29. Bg2 Ke7 30. h4 Rd6 31. h5 b5 32. Bh3 Rb8 33. Bg2 Rb6 34. f4 f6 35. Ng6+ Bxg6 36. hxg6 Nc4 37. R3e2 f5 38. g4 Kf6 39. gxf5 exf5 40. Re7 Nd2 41. Rc7 Ne4 42. Bxe4 fxe4 43. Rxe4 Kxg6 44. Ree7 Kf5 45. Rxg7 Kxf4 46. Rcf7+ Ke4 47. Rg4+ Kd3 48. Rf3+ Kc4 49. Rf5 Rd5 50. Rf3 Rb8 51. Kf2 b4 52. cxb4 Rxb4 53. Rxa3 Rxd4 54. Rxd4+ Kxd4 55. Rh3 Rb2+ 56. Ke1 Rxa2 57. Kd1 c5 58. Rxh6 c4 59. Rh3 Kc5 60. Kc1 Kb4 61. Rg3 Rh2 62. Rf3 c3 63. Rf8 Rh1+ 64. Kc2 Rh2+ 65. Kc1 Rh1+ 1/2-1/2

[Event "POL-chT 2nd League"]
[Site "Jastrzebia Gora"]
[Date "2023.09.02"]
[Round "1.122"]
[White "Malinowski, Szymon"]
[Black "Musial, Tomasz"]
[Result "1/2-1/2"]
[WhiteElo "1902"]
[BlackElo "2184"]
[PlyCount "85"]
[EventDate "2023.09.02"]
[EventType "team-swiss"]
[EventRounds "9"]
[EventCountry "POL"]
[SourceTitle "EXT 2024"]
[Source "ChessBase"]
[SourceDate "2023.10.10"]
[SourceVersion "1"]
[SourceVersionDate "2023.10.10"]
[SourceQuality "1"]
[WhiteTeam "Gdynia MDK"]
[BlackTeam "Krakow AGH"]
[WhiteTeamCountry "POL"]
[BlackTeamCountry "POL"]

1. d4 Nf6 2. Bf4 c5 3. e3 Nd5 4. Bg3 Qb6 5. c4 Nf6 6. b3 cxd4 7. exd4 Ne4 8. Nf3 Nxg3 9. hxg3 g6 10. Nc3 Bg7 11. Qd2 d6 12. Be2 Nc6 13. Rd1 Bg4 14. d5 Qa5 15. Nb5 Bxf3 16. Bxf3 Qxd2+ 17. Kxd2 Nb4 18. Nc7+ Kd7 19. Nxa8 h6 20. a3 Na6 21. Nb6+ axb6 22. b4 Bb2 23. Rb1 Bd4 24. Kd3 Bg7 25. Bg4+ f5 26. Bd1 Ra8 27. g4 f4 28. Ke4 Nc7 29. Kxf4 Rxa3 30. Rh3 Ra2 31. Ke3 Ne8 32. Bb3 Ra3 33. Kd2 Nf6 34. f3 Kd8 35. Rhh1 Nd7 36. Kc2 Ra8 37. Rbe1 Rc8 38. b5 Ne5 39. Re4 Ra8 40. Rhe1 Bf6 41. Rh1 Bg7 42. Ree1 Rc8 43. Re4 1/2-1/2

[Event "Ustron op-A"]
[Site "Ustron"]
[Date "2023.08.19"]
[Round "9"]
[White "Musial, Tomasz"]
[Black "Zdybel, Przemyslaw"]
[Result "1/2-1/2"]
[WhiteElo "2214"]
[BlackElo "2223"]
[PlyCount "30"]
[EventDate "2023.08.11"]
[EventType "swiss"]
[EventRounds "9"]
[EventCountry "POL"]
[SourceTitle "CBM 215 Extra"]
[Source "ChessBase"]
[SourceDate "2023.09.30"]
[SourceVersion "1"]
[SourceVersionDate "2023.09.30"]
[SourceQuality "1"]

1. d4 Nf6 2. c4 e6 3. g3 d5 4. Bg2 dxc4 5. Nf3 a6 6. Ne5 Bb4+ 7. Bd2 Qxd4 8. Bxb4 Qxe5 9. Na3 Nc6 10. Bxc6+ bxc6 11. f3 a5 12. Bc3 Qc5 13. Qd4 Qxd4 14. Bxd4 Ba6 15. Rc1 Rd8 1/2-1/2

[Event "Ustron op-A"]
[Site "Ustron"]
[Date "2023.08.18"]
[Round "8"]
[White "Bakalarz, Mietek"]
[Black "Musial, Tomasz"]
[Result "1/2-1/2"]
[WhiteElo "2217"]
[BlackElo "2214"]
[PlyCount "105"]
[EventDate "2023.08.11"]
[EventType "swiss"]
[EventRounds "9"]
[EventCountry "POL"]
[SourceTitle "CBM 215 Extra"]
[Source "ChessBase"]
[SourceDate "2023.09.30"]
[SourceVersion "1"]
[SourceVersionDate "2023.09.30"]
[SourceQuality "1"]

1. e4 e6 2. d4 d5 3. Nc3 Nf6 4. Bg5 dxe4 5. Nxe4 Nbd7 6. Nxf6+ Nxf6 7. Nf3 h6 8. Bh4 c5 9. Bxf6 gxf6 10. Bb5+ Bd7 11. Bxd7+ Qxd7 12. dxc5 Bxc5 13. Qxd7+ Kxd7 14. Ke2 Ke7 15. Rhd1 Rhd8 16. Ne1 Rac8 17. Rxd8 Rxd8 18. Nd3 Bb6 19. c4 Bd4 20. Rc1 e5 21. b4 Ke6 22. c5 Rc8 23. Ne1 a5 24. a3 Bb2 25. Rb1 Bxa3 26. bxa5 Rxc5 27. Rb6+ Rc6 28. Rxb7 Ra6 29. Rb6+ Rxb6 30. axb6 Kd7 31. g4 Bc5 32. b7 Kc7 33. f3 Kxb7 34. Kd3 Bf2 35. Ng2 Kc6 36. h3 Kd5 37. Ke2 Bc5 38. Nh4 e4 39. Nf5 exf3+ 40. Kxf3 Bf8 41. Kf4 Ba3 42. Ng7 Bf8 43. Nh5 Ke6 44. Ke4 Ba3 45. Ng7+ Kd7 46. Kf5 Ke7 47. Nh5 Bb2 48. Nf4 Kf8 49. Nd5 Kg7 50. Nc7 Kf8 51. Nd5 Kg7 52. Nf4 Kf8 53. Nh5 1/2-1/2

[Event "Ustron op-A"]
[Site "Ustron"]
[Date "2023.08.17"]
[Round "7"]
[White "Musial, Tomasz"]
[Black "Ochedzan, Tymon"]
[Result "1/2-1/2"]
[WhiteElo "2214"]
[BlackElo "2208"]
[PlyCount "92"]
[EventDate "2023.08.11"]
[EventType "swiss"]
[EventRounds "9"]
[EventCountry "POL"]
[SourceTitle "CBM 215 Extra"]
[Source "ChessBase"]
[SourceDate "2023.09.30"]
[SourceVersion "1"]
[SourceVersionDate "2023.09.30"]
[SourceQuality "1"]

1. d4 Nf6 2. c4 e6 3. g3 c5 4. d5 exd5 5. cxd5 d6 6. Nc3 g6 7. Bg2 Bg7 8. Nf3 0-0 9. 0-0 Re8 10. Re1 a6 11. a4 Nbd7 12. Bf4 Ng4 13. a5 Nde5 14. Ne4 h6 15. h3 Nxf3+ 16. exf3 Ne5 17. h4 f5 18. Nc3 Bd7 19. Bf1 b5 20. axb6 Qxb6 21. Rb1 a5 22. Kg2 a4 23. Qd2 Kh7 24. Qc2 Reb8 25. Bxe5 Bxe5 26. f4 Bf6 27. h5 Qb3 28. Qd3 Re8 29. hxg6+ Kxg6 30. Rxe8 Rxe8 31. Nb5 Bxb5 32. Qxb5 Qxd5+ 33. Kg1 Re7 34. Qxa4 Bd4 35. Bg2 Qe6 36. Bf3 h5 37. Qc2 h4 38. g4 Kf6 39. g5+ Kg6 40. Kg2 Re8 41. Rh1 Rh8 42. b3 Kg7 43. Qc4 Qxc4 44. bxc4 Rb8 45. Re1 Rb2 46. Re2 Rxe2 1/2-1/2

[Event "Ustron op-A"]
[Site "Ustron"]
[Date "2023.08.14"]
[Round "4"]
[White "Musial, Tomasz"]
[Black "Krawczyk, Flawian"]
[Result "0-1"]
[WhiteElo "2214"]
[BlackElo "2243"]
[PlyCount "98"]
[EventDate "2023.08.11"]
[EventType "swiss"]
[EventRounds "9"]
[EventCountry "POL"]
[SourceTitle "CBM 215 Extra"]
[Source "ChessBase"]
[SourceDate "2023.09.30"]
[SourceVersion "1"]
[SourceVersionDate "2023.09.30"]
[SourceQuality "1"]

1. d4 Nf6 2. c4 e6 3. g3 c5 4. d5 exd5 5. cxd5 d6 6. Nc3 g6 7. Bg2 Bg7 8. Nf3 0-0 9. 0-0 a6 10. a4 Re8 11. Re1 Nbd7 12. Bf4 Ng4 13. h3 Nge5 14. Ne4 Qe7 15. Nfd2 h6 16. Bxe5 Nxe5 17. f4 f5 18. fxe5 Bxe5 19. Nf2 Bxg3 20. e3 Qh4 21. Qf3 g5 22. Nf1 Be5 23. Nd3 Bg7 24. Qg3 Qxg3 25. Nxg3 c4 26. Nf2 Bxb2 27. Rab1 Be5 28. Nf1 Bd7 29. Rxb7 Bxa4 30. Rc1 Bb5 31. Nd1 f4 32. e4 Bd4+ 33. Kh2 Rab8 34. Rxb8 Rxb8 35. Nd2 a5 36. Nc3 Ba6 37. Rc2 Rb3 38. Ne2 Be5 39. Nf3 Rb2 40. Ned4 Bxd4 41. Nxd4 Rxc2 42. Nxc2 c3 43. Bf3 Bd3 44. Ne1 Bb1 45. Bd1 Bxe4 46. Bb3 h5 47. Nc2 Bxc2 48. Bxc2 g4 49. Bd1 Kg7 0-1

[Event "Pardubice Czech op-A 34th"]
[Site "Pardubice"]
[Date "2023.07.29"]
[Round "9"]
[White "Musial, Tomasz"]
[Black "Kusa, Jakub"]
[Result "0-1"]
[WhiteElo "2176"]
[BlackElo "2340"]
[PlyCount "64"]
[EventDate "2023.07.21"]
[EventType "swiss"]
[EventRounds "9"]
[EventCountry "CZE"]
[SourceTitle "CBM 215 Extra"]
[Source "ChessBase"]
[SourceDate "2023.09.30"]
[SourceVersion "1"]
[SourceVersionDate "2023.09.30"]
[SourceQuality "1"]

1. d4 d5 2. c4 e6 3. Nf3 a6 4. Nbd2 dxc4 5. Nxc4 b5 6. Nce5 Bb7 7. e3 Nf6 8. a4 Ne4 9. axb5 Bb4+ 10. Bd2 Nxd2 11. Nxd2 0-0 12. bxa6 Nxa6 13. Nd3 Be7 14. Nf3 c5 15. Be2 cxd4 16. exd4 Nb4 17. Rxa8 Nxd3+ 18. Bxd3 Bb4+ 19. Ke2 Qxa8 20. Qb3 Be7 21. Rd1 Bf6 22. Qa3 Qb8 23. Bb1 Rd8 24. Kf1 e5 25. Ne1 e4 26. Qe3 Qxh2 27. Bxe4 Qh1+ 28. Ke2 Qh5+ 29. Nf3 Re8 30. d5 Qg4 31. Bxh7+ Kf8 32. d6 Rxe3+ 0-1

[Event "Pardubice Czech op-A 34th"]
[Site "Pardubice"]
[Date "2023.07.27"]
[Round "7"]
[White "Musial, Tomasz"]
[Black "Jares, Michal"]
[Result "1-0"]
[WhiteElo "2176"]
[BlackElo "2315"]
[PlyCount "93"]
[EventDate "2023.07.21"]
[EventType "swiss"]
[EventRounds "9"]
[EventCountry "CZE"]
[SourceTitle "CBM 215 Extra"]
[Source "ChessBase"]
[SourceDate "2023.09.30"]
[SourceVersion "1"]
[SourceVersionDate "2023.09.30"]
[SourceQuality "1"]

1. d4 Nf6 2. c4 e6 3. g3 c5 4. d5 exd5 5. cxd5 d6 6. Nc3 g6 7. Bg2 Bg7 8. Nf3 0-0 9. 0-0 Re8 10. Re1 a6 11. a4 Nbd7 12. Bf4 Qc7 13. e4 Ng4 14. Nd2 Nge5 15. Bf1 Rb8 16. Be3 h5 17. h3 c4 18. Ba7 Ra8 19. Bd4 Nd3 20. Bxd3 Bxd4 21. Nxc4 Ne5 22. Nxe5 Bxe5 23. Bf1 Qb6 24. Qd2 Bd7 25. Kg2 Rac8 26. Nd1 Rc7 27. a5 Qa7 28. Ra3 Rec8 29. Ne3 h4 30. gxh4 Kh7 31. Rb3 Rc5 32. Bd3 R8c7 33. Ng4 Bg7 34. Qf4 Bxg4 35. hxg4 Be5 36. Qd2 Qa8 37. h5 Bg7 38. hxg6+ fxg6 39. Qg5 Qe8 40. Rb6 Be5 41. f4 Rc2+ 42. Bxc2 Rxc2+ 43. Kf3 Bxb2 44. Rh1+ Kg8 45. Rxb2 Rc3+ 46. Kf2 Qxe4 47. Qd8+ 1-0

[Event "Pardubice Czech op-A 34th"]
[Site "Pardubice"]
[Date "2023.07.26"]
[Round "6"]
[White "Kojima, Shinya"]
[Black "Musial, Tomasz"]
[Result "1/2-1/2"]
[WhiteElo "2335"]
[BlackElo "2176"]
[PlyCount "133"]
[EventDate "2023.07.21"]
[EventType "swiss"]
[EventRounds "9"]
[EventCountry "CZE"]
[SourceTitle "CBM 215 Extra"]
[Source "ChessBase"]
[SourceDate "2023.09.30"]
[SourceVersion "1"]
[SourceVersionDate "2023.09.30"]
[SourceQuality "1"]

1. Nf3 Nf6 2. c4 e6 3. Nc3 d5 4. d4 c5 5. e3 Nc6 6. cxd5 Nxd5 7. Bd3 cxd4 8. exd4 Be7 9. 0-0 0-0 10. Re1 g6 11. Bh6 Re8 12. a3 Nxc3 13. bxc3 Bf6 14. Be4 Bd7 15. Rb1 b6 16. d5 exd5 17. Bxd5 Rxe1+ 18. Qxe1 Rc8 19. Rd1 Qe8 20. Qd2 Be6 21. Re1 Rd8 22. Ng5 Bxd5 23. Rxe8+ Rxe8 24. h4 Rd8 25. Qe3 Be5 26. Nf3 Bf6 27. Bg5 Bxg5 28. Nxg5 Rd6 29. Qf4 Rd7 30. h5 h6 31. Ne4 Bxe4 32. Qxe4 Rd6 33. Qf4 Re6 34. Qxh6 Ne5 35. Qf4 gxh5 36. Qg5+ Ng6 37. Qxh5 Re1+ 38. Kh2 Ra1 39. Qf3 Rxa3 40. Qf6 Ra2 41. f4 Ra5 42. g4 Ra4 43. Qd8+ Kg7 44. f5 Rxg4 45. f6+ Kh6 46. Qc7 Rf4 47. Qxf7 Kg5 48. Qxa7 Rxf6 49. Kg3 Ne5 50. Qe7 Kf5 51. Kf2 Rc6 52. Qa3 Ke4 53. Ke2 Kd5 54. Qb3+ Kd6 55. Kd2 Nd7 56. Kc2 Rc5 57. Qf7 Kc6 58. Qe6+ Kc7 59. Qe7 Ra5 60. Kb3 Rc5 61. Kb4 Ra5 62. Qh7 Rc5 63. Qh2+ Kc6 64. Qg2+ Kc7 65. Qa8 Ra5 66. Qxa5 bxa5+ 67. Kxa5 1/2-1/2

[Event "Pardubice Czech op-A 34th"]
[Site "Pardubice"]
[Date "2023.07.25"]
[Round "5"]
[White "Musial, Tomasz"]
[Black "Frank, Adam"]
[Result "1/2-1/2"]
[WhiteElo "2176"]
[BlackElo "2335"]
[PlyCount "128"]
[EventDate "2023.07.21"]
[EventType "swiss"]
[EventRounds "9"]
[EventCountry "CZE"]
[SourceTitle "CBM 215 Extra"]
[Source "ChessBase"]
[SourceDate "2023.09.30"]
[SourceVersion "1"]
[SourceVersionDate "2023.09.30"]
[SourceQuality "1"]

1. d4 g6 2. c4 Bg7 3. Nf3 d6 4. Nc3 Nd7 5. g3 e5 6. Bg2 Ne7 7. 0-0 0-0 8. dxe5 dxe5 9. Qc2 Nc6 10. Bg5 f6 11. Be3 Nb4 12. Qb3 Na6 13. c5+ Kh8 14. Qc4 c6 15. Ne4 Qe7 16. Nd6 Nc7 17. Rad1 Nb8 18. Nxc8 Rxc8 19. Bh3 Re8 20. Rd6 e4 21. Nh4 b5 22. Qc2 Nd5 23. Re6 Qf7 24. Qxe4 Nd7 25. Bd4 f5 26. Bxg7+ Kg8 27. Nxf5 Rxe6 28. Nh6+ Kxg7 29. Bxe6 Nxc5 30. Bxf7 Nxe4 31. Bxd5 cxd5 32. Ng4 Rc8 33. Rd1 Rc2 34. Rxd5 Rxb2 35. Rd7+ Kf8 36. Rxa7 Rxe2 37. Rxh7 Rxa2 38. h4 b4 39. Rb7 Rb2 40. Ne5 Kg8 41. Nxg6 Nxf2 42. Kg2 Nd3+ 43. Kf3 b3 44. h5 Nc5 45. Rc7 Ne6 46. Re7 Ng5+ 47. Kg4 Nf7 48. Rb7 Rb1 49. Ne7+ Kh8 50. Ng6+ Kg8 51. Ne7+ Kh8 52. Nd5 Kg7 53. Nc3 Rh1 54. Ne4 b2 55. Rxb2 Nh6+ 56. Kg5 Nf7+ 57. Kf4 Rxh5 58. Rb7 Kg6 59. Rb6+ Kg7 60. g4 Rh1 61. Ng3 Ra1 62. g5 Ra4+ 63. Ne4 Nxg5 64. Kxg5 Rxe4 1/2-1/2

[Event "POL-ch Universities"]
[Site "Bydgoszcz"]
[Date "2023.03.11"]
[Round "7"]
[White "Musial, Tomasz"]
[Black "Madej, Roman"]
[Result "0-1"]
[WhiteElo "2186"]
[BlackElo "1885"]
[PlyCount "64"]
[EventDate "2023.03.10"]
[EventType "swiss"]
[EventRounds "9"]
[EventCountry "POL"]
[SourceTitle "CBM 213 Extra"]
[Source "ChessBase"]
[SourceDate "2023.05.31"]
[SourceVersion "1"]
[SourceVersionDate "2023.05.31"]
[SourceQuality "1"]

1. d4 Nf6 2. c4 g6 3. Nf3 Bg7 4. g3 0-0 5. Bg2 d5 6. cxd5 Nxd5 7. 0-0 c6 8. e4 Nb6 9. h3 Be6 10. Nc3 Bc4 11. Re1 N8d7 12. b3 Ba6 13. Be3 e5 14. Qd2 Qe7 15. Rad1 Rfe8 16. a4 Qb4 17. Qc2 exd4 18. Bxd4 Ne5 19. Nxe5 Bxe5 20. Bxe5 Rxe5 21. f4 Ree8 22. e5 Rad8 23. Ne4 Nd5 24. Rxd5 Qxe1+ 25. Kh2 cxd5 26. Nf6+ Kg7 27. Qc7 Qf2 28. e6 Rxe6 29. Nh5+ gxh5 30. Qxd8 Rg6 31. Qxd5 Qxg3+ 32. Kh1 Qxf4 0-1

[Event "POL-chT 1st League"]
[Site "Sypniewo"]
[Date "2022.09.08"]
[Round "6.10"]
[White "Musial, Tomasz"]
[Black "Mickiewicz, Piotr"]
[Result "1/2-1/2"]
[WhiteElo "2179"]
[BlackElo "2284"]
[PlyCount "150"]
[EventDate "2022.09.03"]
[EventType "team-swiss"]
[EventRounds "9"]
[EventCountry "POL"]
[SourceTitle "CBM 210 Extra"]
[Source "ChessBase"]
[SourceDate "2022.11.30"]
[SourceVersion "1"]
[SourceVersionDate "2022.11.30"]
[SourceQuality "1"]
[WhiteTeam "Ostrow Wielkopolski"]
[BlackTeam "Zielonka Zieloni"]
[WhiteTeamCountry "POL"]
[BlackTeamCountry "POL"]

1. d4 Nf6 2. c4 g6 3. Nf3 Bg7 4. g3 0-0 5. Bg2 d6 6. 0-0 Nc6 7. Nc3 Bf5 8. Ne1 Bd7 9. e4 e5 10. d5 Nd4 11. Nd3 c5 12. dxc6 bxc6 13. c5 Bg4 14. f3 Be6 15. b3 d5 16. Nxe5 dxe4 17. f4 Ng4 18. Nxg4 Bxg4 19. Qxg4 Nf3+ 20. Bxf3 Bxc3 21. Rb1 f5 22. Qh3 Qd3 23. Bb2 exf3 24. Bxc3 Qxc3 25. Rf2 Rfe8 26. Qf1 Re3 27. Qc4+ Qxc4 28. bxc4 Rae8 29. Rbf1 Ra3 30. Rxf3 Rxa2 31. R3f2 Ra5 32. Rb2 Re7 33. Rc1 Rxc5 34. Ra2 a5 35. Kf2 Re4 36. Ra4 Kf7 37. Kf3 h6 38. h4 Rd4 39. Ke3 Re4+ 40. Kf3 g5 41. hxg5 hxg5 42. Rc2 Kg6 43. Rc1 Kf6 44. Rc2 Re1 45. Ra3 Kg6 46. Raa2 Re8 47. Rc1 Rd8 48. Rc3 Rd4 49. Ra4 Kh5 50. Ke3 Re4+ 51. Kf3 Re1 52. Ra2 Rb1 53. Ke3 Rb4 54. Kd4 Rd5+ 55. Ke3 Rd6 56. Rxa5 Kg4 57. fxg5 Rb1 58. Rd3 Re6+ 59. Kd4 Re4+ 60. Kc3 Rc1+ 61. Kb3 Rcxc4 62. g6 Rb4+ 63. Kc2 Re6 64. g7 Rg6 65. Ra7 Rb8 66. Rf7 Rg8 67. Rdd7 Kg5 68. Rc7 Rf6 69. Rxf6 Kxf6 70. Rxc6+ Kxg7 71. Kd2 Kf7 72. Ke3 Rxg3+ 73. Kf4 Rg6 74. Rc7+ Kf6 75. Rc6+ Kf7 1/2-1/2

[Event "POL-chT 1st League"]
[Site "Sypniewo"]
[Date "2022.09.06"]
[Round "4.8"]
[White "Psyk, Radoslaw"]
[Black "Musial, Tomasz"]
[Result "1-0"]
[WhiteElo "2404"]
[BlackElo "2179"]
[PlyCount "65"]
[EventDate "2022.09.03"]
[EventType "team-swiss"]
[EventRounds "9"]
[EventCountry "POL"]
[SourceTitle "CBM 210 Extra"]
[Source "ChessBase"]
[SourceDate "2022.11.30"]
[SourceVersion "1"]
[SourceVersionDate "2022.11.30"]
[SourceQuality "1"]
[WhiteTeam "Strzelce Opolskie Strzelec"]
[BlackTeam "Ostrow Wielkopolski"]
[WhiteTeamCountry "POL"]
[BlackTeamCountry "POL"]

1. e4 e6 2. d4 d5 3. Nc3 Nf6 4. e5 Nfd7 5. Nce2 c5 6. c3 Nc6 7. f4 b5 8. a3 b4 9. axb4 cxb4 10. Nf3 bxc3 11. bxc3 Be7 12. Ng3 0-0 13. Bd3 f5 14. exf6 Nxf6 15. Ng5 h6 16. h4 Bd6 17. Nh5 Ne7 18. Nxf6+ Rxf6 19. Bh7+ Kh8 20. Bc2 Bxf4 21. Qd3 g6 22. 0-0 Bxg5 23. hxg5 Rxf1+ 24. Qxf1 Nf5 25. Bxf5 exf5 26. gxh6 g5 27. Qe2 Kh7 28. Qh5 f4 29. Qf7+ Kxh6 30. Ba3 Bg4 31. Bf8+ Qxf8 32. Ra6+ Be6 33. Rxe6# 1-0

[Event "POL-chT 1st League"]
[Site "Sypniewo"]
[Date "2022.09.04"]
[Round "2.10"]
[White "Lobejko, Rafal"]
[Black "Musial, Tomasz"]
[Result "1/2-1/2"]
[WhiteElo "2305"]
[BlackElo "2179"]
[PlyCount "67"]
[EventDate "2022.09.03"]
[EventType "team-swiss"]
[EventRounds "9"]
[EventCountry "POL"]
[SourceTitle "CBM 210 Extra"]
[Source "ChessBase"]
[SourceDate "2022.11.30"]
[SourceVersion "1"]
[SourceVersionDate "2022.11.30"]
[SourceQuality "1"]
[WhiteTeam "Lublin LKSz"]
[BlackTeam "Ostrow Wielkopolski"]
[WhiteTeamCountry "POL"]
[BlackTeamCountry "POL"]

1. Nf3 Nf6 2. g3 b6 3. Bg2 Bb7 4. 0-0 e6 5. c4 Be7 6. Nc3 0-0 7. d4 Ne4 8. Qd3 Nxc3 9. Qxc3 c5 10. dxc5 bxc5 11. Bf4 d6 12. Rfd1 Qc7 13. Qd3 e5 14. Ng5 g6 15. Bxb7 Qxb7 16. Bc1 f5 17. e4 Nd7 18. Qd5+ Qxd5 19. exd5 Rfb8 20. Ne6 Rb7 21. b3 a5 22. Bd2 a4 23. Rdb1 Rab8 24. Ba5 axb3 25. axb3 Rxb3 26. Rxb3 Rxb3 27. Bc7 Nb6 28. Bxb6 Rxb6 29. Ra7 Bf6 30. Ra8+ Kf7 31. Ra7+ Kg8 32. Ra8+ Kf7 33. Ra7+ Kg8 34. Ra8+ 1/2-1/2

[Event "Ustron op-B"]
[Site "Ustron"]
[Date "2022.08.17"]
[Round "6"]
[White "Zgadzaj, Rafal"]
[Black "Musial, Tomasz"]
[Result "1/2-1/2"]
[WhiteElo "2071"]
[BlackElo "2148"]
[PlyCount "126"]
[EventDate "2022.08.12"]
[EventType "swiss"]
[EventRounds "9"]
[EventCountry "POL"]
[SourceTitle "CBM 209 Extra"]
[Source "ChessBase"]
[SourceDate "2022.09.30"]
[SourceVersion "1"]
[SourceVersionDate "2022.09.30"]
[SourceQuality "1"]

1. g3 d5 2. Bg2 Nf6 3. f4 g6 4. Nf3 Bg7 5. d3 c5 6. 0-0 0-0 7. a4 Nc6 8. c3 Qc7 9. Na3 a6 10. Kh1 b6 11. Rb1 Bb7 12. b4 Rac8 13. b5 axb5 14. Nxb5 Qd8 15. Ne5 Nxe5 16. fxe5 Ne8 17. d4 cxd4 18. cxd4 Nc7 19. Qb3 Nxb5 20. Qxb5 Bc6 21. Qxb6 Bxa4 22. Ba3 Qd7 23. Qb7 Rfd8 24. Qxd7 Bxd7 25. Bxe7 Re8 26. Bd6 Be6 27. Rfc1 Rxc1+ 28. Rxc1 Bh6 29. Rc3 Ra8 30. Ra3 Rc8 31. h3 Bd2 32. Kh2 h5 33. Bf3 Bc1 34. Rb3 Bg5 35. h4 Bh6 36. Kg2 Bf8 37. Rb8 Rxb8 38. Bxb8 Bb4 39. Kf2 Bc3 40. Ba7 Kf8 41. e4 dxe4 42. Bxe4 Bg4 43. Bc5+ Kg7 44. Bc6 f6 45. exf6+ Kxf6 46. Ke3 Be1 47. Bd6 g5 48. Be5+ Kg6 49. Be8+ Kh6 50. Bf6 gxh4 51. gxh4 Bc3 52. Bf7 Bb2 53. Ke4 Bd1 54. Ke5 Bc3 55. Kd6 Kh7 56. Ke7 Bb4+ 57. Kd7 Bc3 58. Kc6 Kh6 59. Kc5 Be2 60. Be8 Kh7 61. Bf7 Kh6 62. Be5 Be1 63. Bf6 Bc3 1/2-1/2

[Event "Ustron op-B"]
[Site "Ustron"]
[Date "2022.08.14"]
[Round "3"]
[White "Musial, Tomasz"]
[Black "Marszk, Kazimierz"]
[Result "1-0"]
[WhiteElo "2148"]
[BlackElo "1878"]
[PlyCount "87"]
[EventDate "2022.08.12"]
[EventType "swiss"]
[EventRounds "9"]
[EventCountry "POL"]
[SourceTitle "CBM 209 Extra"]
[Source "ChessBase"]
[SourceDate "2022.09.30"]
[SourceVersion "1"]
[SourceVersionDate "2022.09.30"]
[SourceQuality "1"]

1. d4 Nf6 2. c4 g6 3. g3 Bg7 4. Bg2 0-0 5. Nf3 c5 6. Nc3 cxd4 7. Nxd4 Nc6 8. 0-0 Nxd4 9. Qxd4 d6 10. Qd3 Qa5 11. Nb5 a6 12. Bd2 Qb6 13. Nc3 Be6 14. Rac1 Rac8 15. b3 Bd7 16. Bg5 Bc6 17. e4 Rfe8 18. Rfe1 Ng4 19. Qe2 Nf6 20. Be3 Qa5 21. Bd4 Qh5 22. Bf3 Qa5 23. Qb2 e5 24. Be3 Qd8 25. Red1 Qe7 26. Bg5 h6 27. Bxf6 Qxf6 28. Be2 Bf8 29. b4 Qg7 30. Bg4 f5 31. exf5 gxf5 32. Bxf5 Rc7 33. Nd5 Bxd5 34. cxd5 Rxc1 35. Rxc1 Qg5 36. Be4 Be7 37. Rc7 Rb8 38. Qc2 Qg7 39. Bf5 b6 40. Be6+ Kh8 41. Qc6 Rf8 42. Qd7 Bf6 43. Qxd6 Qg5 44. Qxf8+ 1-0

[Event "Ustron op-B"]
[Site "Ustron"]
[Date "2022.08.12"]
[Round "1"]
[White "Musial, Tomasz"]
[Black "Olchowy, Tadeusz"]
[Result "1-0"]
[WhiteElo "2148"]
[BlackElo "1980"]
[PlyCount "61"]
[EventDate "2022.08.12"]
[EventType "swiss"]
[EventRounds "9"]
[EventCountry "POL"]
[SourceTitle "CBM 209 Extra"]
[Source "ChessBase"]
[SourceDate "2022.09.30"]
[SourceVersion "1"]
[SourceVersionDate "2022.09.30"]
[SourceQuality "1"]

1. d4 d6 2. Nf3 g6 3. g3 Nf6 4. c4 Bg7 5. Bg2 0-0 6. 0-0 Nc6 7. Nc3 a6 8. Qc2 Bg4 9. Rd1 Rb8 10. h3 Bxf3 11. exf3 d5 12. c5 e6 13. f4 Qd7 14. Bf1 h5 15. Be3 Ne7 16. b4 c6 17. a4 Nf5 18. b5 axb5 19. axb5 Ra8 20. Ra4 Rxa4 21. Qxa4 Ne4 22. Nxe4 dxe4 23. bxc6 bxc6 24. Bg2 Nxe3 25. fxe3 f5 26. Bf1 Kf7 27. d5 exd5 28. Rxd5 Qc7 29. Rd6 Rc8 30. Qc4+ Kf8 31. Qe6 1-0